Airline Kürzel (schwer) - Statistiken

Allgemein
  • Dieses Quiz wurde 111 mal gespielt
  • Das Durchschnittsergebnis liegt bei 18 aus 55
Antwortstatistiken
Kürzel Airline % Korrekt
LH Lufthansa
98%
AA American Airlines
83%
BA British Airways
78%
AF Air France
75%
KL KLM
67%
FR RyanAir
62%
IB Iberia
60%
TK Turkish Airlines
60%
QF Qantas Airways
57%
EW Eurowings
54%
JL Japan Airlines
53%
QR Qatar Airways
53%
TP TAP Air Portugal
52%
SQ Singapore Airlines
49%
U2 easyJet
45%
SU Aeroflot
43%
SA South African Airways
42%
AY Finnair
41%
AZ Alitalia
40%
AC Air Canada
38%
LO LOT Polish Airlines
37%
MH Malaysia Airlines
36%
W6 Wizzair
32%
CX Cathay Pacific
30%
SK Scandinavian Airlines
30%
TG Thai Airways
30%
VN Vietnam Airlines
29%
EI Aer Lingus
28%
LY El Al Israel Airlines
27%
CZ China Southern
26%
RO Tarom
26%
UA United Airways
26%
CI China Airlines
25%
MU China Eastern
25%
LA LATAM Airlines Group
23%
AI AirIndia
22%
FJ Fiji Airways
18%
WY Oman Air
17%
FI Iceland Air
16%
WN Southwest Airlines Texas
16%
UX Air Europa
13%
SN Brussel Airlines
13%
GA Garuda Indonesia
13%
AT Royal Air Maroc
10%
G3 Gol Linhas Aereas
9%
HU Hainan Airlines
9%
HA Hawaiian Airlines
9%
JP Adria Airways
7%
AS Alaska Airlines
5%
OU Croatia Airlines
5%
PR Philippine Airlines
5%
HX Hong Kong Airlines
4%
6E Indigo
4%
MF Xiamen Airlines
3%
HO Juneyao Airlines
1%
Keine übereinstimmenden Quizze gefunden
Verteilung der Resultate
Anzahl Personen mit jedem Resultat
Perzentil nach korrekt beantworteten Fragen
Ihre Resultats-Entwicklung
Sie haben dieses Quiz noch nicht gespielt